Guangdong A-Z - Statistics

General Stats
  • This quiz has been taken 13 times
    8 since last reset
  • The average score is 19 of 26
Answer Stats
Letter The Hints Answer % Correct
C 主要方言The main language/dialect spoken in middle and northwest of the province and is considered as the representative of the province. Cantonese
100%
G 某姊妹省级The sister provincial region with Guangdong, vastly sharing dialects and cultures but not yet the economy. Guangxi
100%
D 国家某领导人The Chinese leader conducted the policy flourishing the province. Deng Xiaoping
86%
F 某“联邦”地市One of the prefecture with all its subordinate units are districts, but people in those districts usually do not admit that they are from that prefecture. Foshan
86%
H 某粤东北话The dialect spoken in the northeast of the province, so as the nearby areas in neighbouring provinces. Hakka(Kejia)
86%
I 某功夫名人A famous Kung Fu artist. Ip Man
86%
M 博彩行政区The Special Administrative Region (not inside the province) with many casinos, lying in the southwest corner of the major river delta. Macau
86%
O “区”字的做姓氏的读音As a surname, the character “区/區” pronounces Ou
86%
P 某大江The river runs through the downtown of the capital. Pearl(Zhujiang)
86%
U 香港以前的宗主国The country that had taken Hong Kong from the province as their colony. United Kingdom
86%
V 距离最近的外国The nearest foreign country. Vietnam
86%
Y 简称&车牌The pinyin of the character at the front of the province's vehicle plate numbers, which is the short name of the province. Yue
86%
Z 最长的跨海大桥经过广东哪里The city in the province features the longest sea-crossing bridge in the world Zhuhai
86%
A 某前缀In Guangdong, what do you start with when you call out to an acquaintance? Ah
71%
B 广东名菜鸡肉A famous chicken dish which is cooked just right. Baiqieji
71%
K 某碉楼市The place that is known for "Diaolou" towers. Kaiping
71%
Q 某走地鸡市A mountainous prefecture with delicious chickens. Qingyuan
71%
S 某伟人The great leader that created ROC. Sun Yat-Sen
71%
T 某粤东话The dialect spoken in the Southeast of the province, and so as in many Chinese communities in southeast Asia. Teochew(Chaoshan)
71%
W 某广东菜The small dumplings Wonton(Wantan)
71%
L 某半岛The biggest peninsula in Guangdong, also where the southernmost point of Chinese mainland locates. Leizhou Peninsula
57%
N 最高GDP的区/县/县级市The sub-prefecture unit that has the most GDP. Nanshan District
57%
R 某政策The policy that made Guangdong developing rapidly since 1980s. Reform and Opening Up
57%
E 某零食类礼品A kind of snacks made from eggs that are used to be gifts during festivals. Egg Rolls
43%
X 广州的黑人聚集区域The area in the capital known for habitating Africans. Xiaobei
43%
J 某饮料品牌A brand that produce sparkling energy drink. Jianlibao
29%
No matching quizzes found
Score Distribution
Percent of People with Each Score
Percentile by Number Answered
Your Score History
You have not taken this quiz since the last reset